Flow chart for party wall procedure under the London Building Acts (Amendment) Act 1939. (Record no. 91002)

MARC details
000 -LEADER
fixed length control field 00650cam a2200229 4500
001 - CONTROL NUMBER
control field J1128
008 - FIXED-LENGTH DATA ELEMENTS--GENERAL INFORMATION
fixed length control field 090401t1985 xxu||||| |||| 00| 0 eng d
035 ## - SYSTEM CONTROL NUMBER
System control number (Sirsi) u41916
041 ## - LANGUAGE CODE
Language code of text/sound track or separate title eng
050 ## - LIBRARY OF CONGRESS CALL NUMBER
Classification number 692.209421
110 ## - MAIN ENTRY--CORPORATE NAME
Corporate name or jurisdiction name as entry element Richard Ellis
9 (RLIN) 1875
245 ## - TITLE STATEMENT
Title Flow chart for party wall procedure under the London Building Acts (Amendment) Act 1939.
260 ## - PUBLICATION, DISTRIBUTION, ETC.
Place of publication, distribution, etc. London
Name of publisher, distributor, etc. Richard Ellis
Date of publication, distribution, etc. ca.1985
300 ## - PHYSICAL DESCRIPTION
Extent 1 folded sheet ; 30x15cm
350 ## - PRICE (NR) (BK AM CF MU VM SE) [OBSOLETE]
Price 0
650 ## - SUBJECT ADDED ENTRY--TOPICAL TERM
Topical term or geographic name entry element FLOW CHARTS
650 ## - SUBJECT ADDED ENTRY--TOPICAL TERM
Topical term or geographic name entry element LONDON BUILDING ACTS (AMENDMENT) ACT 1939
650 ## - SUBJECT ADDED ENTRY--TOPICAL TERM
Topical term or geographic name entry element Party walls
9 (RLIN) 6258
690 ## - LOCAL SUBJECT ADDED ENTRY--TOPICAL TERM (OCLC, RLIN)
Topical term or geographic name as entry element BUILT ENVIRONMENT
942 ## - ADDED ENTRY ELEMENTS (KOHA)
Suppress in OPAC 0
948 ## - LOCAL PROCESSING INFORMATION (OCLC); SERIES PART DESIGNATOR (RLIN)
c (OCLC) 04/03/1997
Holdings
Withdrawn status Lost status Source of classification or shelving scheme Damaged status Not for loan Home library Current library Shelving location Date acquired Total Checkouts Full call number Barcode Date last seen Date last checked out Copy number Price effective from Koha item type
    Dewey Decimal Classification     London London Basement 17/11/1992 6 BASEMENT 30037499 06/08/2019 29/07/2004 1 06/08/2019 Book